Movies Quiz

Random Movies or Disney Quiz

One-Word Animated Films Quiz Stats

Quiz Updated Nov 22, 2017

Challenge
Share
Tweet
Score 0/48 Timer 08:00
1 Play Today
% Correct
Bambi (1942)
98.6%
Dumbo (1941)
98.2%
Cinderella (1950)
98.2%
Aladdin (1992)
97.2%
Shrek (2001)
96.1%
Cars (2006)
94.4%
Pinocchio (1940)
94.2%
Up (2009)
92.3%
Hercules (1997)
92.1%
Madagascar (2005)
91.9%
Pocahontas (1995)
90.4%
Fantasia (1940)
90.2%
Mulan (1998)
90.1%
Tarzan (1999)
88.6%
Minions (2015)
87.7%
Frozen (2013)
87%
Ratatouille (2007)
86.8%
Brave (2012)
86.5%
Trolls (2016)
84.7%
Antz (1998)
84.6%
Bolt (2008)
81%
Planes (2013)
79.2%
Tangled (2010)
79%
Zootopia (2016)
74.1%
% Correct
Rango (2011)
71.9%
Dinosaur (2000)
70.2%
Rio (2011)
69.9%
Sing (2016)
69.2%
Robots (2005)
68.8%
Wall-E (2008)
68.8%
Coraline (2009)
66.8%
Megamind (2010)
66.7%
Anastasia (1997)
65.6%
Moana (2016)
58.8%
Turbo (2013)
52.9%
Frankenweenie (2012)
49.9%
Home (2015)
47.5%
Hoodwinked (2005)
43.3%
Coco (2017)
43.3%
Storks (2016)
41.8%
Balto (1995)
40.9%
9 (2009)
34.2%
Igor (2008)
32.5%
Barnyard (2006)
28.8%
Paranorman (2012)
28.5%
Valiant (2005)
17.1%
Epic (2013)
12.7%
Anomalisa (2015)
6.6%

You're not logged in!

Compare scores with friends on all Sporcle quizzes.
Join for Free
OR
Log In

You Might Also Like...

Show Comments

Extras

Top Quizzes Today


Score Distribution

Your Account Isn't Verified!

In order to create a playlist on Sporcle, you need to verify the email address you used during registration. Go to your Sporcle Settings to finish the process.

Report this User

Report this user for behavior that violates our Community Guidelines.

Details: